|
|
|
|
| LEADER |
00000nam a2200000 a 4500 |
| 001 |
UCP4711 |
| 003 |
CL-VaPUC |
| 008 |
990813e19960000SP |||||||||||||||||spa|d |
| 082 |
0 |
4 |
|a 372.7
|b MIÑ
|2 21
|
| 100 |
|
|
|a Miñano Sánchez, Antonio
|e autor
|9 433506
|
| 700 |
|
|
|a Martínez Soto, Angel Pascual
|e autor
|9 433505
|
| 700 |
0 |
|
|a Ródenas Martínez, José Antonio
|e author
|9 432453
|
| 700 |
0 |
|
|a Zayas Ciruelos, José Antonio
|e author
|9 432454
|
| 245 |
1 |
0 |
|a Espiral 3: matemáticas, 2do ciclo E.P
|
| 300 |
|
|
|a 159 p
|
| 942 |
|
|
|c BK
|
| 945 |
|
|
|d 19990813 00:00:00
|a rbrito
|
| 260 |
|
|
|a Madrid
|b Bruño
|c 1996
|
| 500 |
|
|
|a En forma separada 1 diskette
|
| 650 |
|
0 |
|a Educación básica
|9 224933
|
| 650 |
|
0 |
|a Matemáticas
|x Enseñanza
|9 875527
|
| 650 |
|
0 |
|a Números
|9 265328
|
| 650 |
|
0 |
|a Geometría
|9 264063
|
| 583 |
|
|
|a last modification
|c 19990813 00:00:00
|k Rodrigo Vera
|
| 999 |
|
|
|c 282612
|d 282610
|
| 952 |
|
|
|0 0
|1 0
|4 0
|6 372_700000000000000_MIÑ_1996
|7 0
|8 A
|9 324642
|a BIBEDU
|b BIBEDU
|d 2019-11-20
|i 3540820
|o 372.7 MIÑ 1996
|p 3540820
|r 2019-11-20
|w 2019-11-20
|y BK
|k BME
|
| 952 |
|
|
|0 0
|1 0
|4 0
|6 372_700000000000000_MIÑ_1996
|7 0
|8 A
|9 324643
|a BIBEDU
|b BIBEDU
|d 2019-11-20
|i 3541576
|o 372.7 MIÑ 1996
|p 3541576
|r 2019-11-20
|w 2019-11-20
|y BK
|k BME
|